000 00312nam a22001457a 4500
008 210519b ||||| |||| 00| 0 eng d
020 _a0801609003
041 _aeng
080 _a579
082 _a579
100 _a11
101 _aMIK
245 _aGeneral Microbiology
_cRobert F. Boyd
942 _2udc
_cBK
999 _c57519
_d57519